<?xml version="1.0" encoding="UTF-8"?>
<collection xmlns="http://www.loc.gov/MARC21/slim">
 <record>
  <leader>02640nam a2200397 a 4500</leader>
  <controlfield tag="001">33273</controlfield>
  <controlfield tag="003">BD-DhAAL</controlfield>
  <controlfield tag="005">20250625120529.0</controlfield>
  <controlfield tag="008">180708r20052004enkac    b    001 0 eng d</controlfield>
  <datafield tag="010" ind1=" " ind2=" ">
   <subfield code="a">  2006296469</subfield>
  </datafield>
  <datafield tag="020" ind1=" " ind2=" ">
   <subfield code="a">0714844012 (hd.)</subfield>
  </datafield>
  <datafield tag="020" ind1=" " ind2=" ">
   <subfield code="a">9780714844015</subfield>
  </datafield>
  <datafield tag="040" ind1=" " ind2=" ">
   <subfield code="a">UKM</subfield>
   <subfield code="c">UKM</subfield>
   <subfield code="d">GZM</subfield>
   <subfield code="d">VA@</subfield>
   <subfield code="d">C#P</subfield>
   <subfield code="d">OCLCQ</subfield>
   <subfield code="d">OCL</subfield>
   <subfield code="d">NLC</subfield>
   <subfield code="d">BAKER</subfield>
   <subfield code="d">NLGGC</subfield>
   <subfield code="d">DLC</subfield>
   <subfield code="d">BD-DhAAL</subfield>
  </datafield>
  <datafield tag="082" ind1="0" ind2="4">
   <subfield code="a">745.2</subfield>
   <subfield code="2">21</subfield>
  </datafield>
  <datafield tag="100" ind1="1" ind2=" ">
   <subfield code="a">Mau, Bruce.</subfield>
   <subfield code="9">26730</subfield>
  </datafield>
  <datafield tag="245" ind1="1" ind2="0">
   <subfield code="a">Massive change /</subfield>
   <subfield code="c">Bruce Mau with Jennifer Leonard and the Institute Without Boundaries.</subfield>
  </datafield>
  <datafield tag="250" ind1=" " ind2=" ">
   <subfield code="a">First published 2004</subfield>
  </datafield>
  <datafield tag="260" ind1=" " ind2=" ">
   <subfield code="a">London ;</subfield>
   <subfield code="a">New York :</subfield>
   <subfield code="b">Phaidon Press Limited,</subfield>
   <subfield code="c">2005 [reprinted].</subfield>
  </datafield>
  <datafield tag="300" ind1=" " ind2=" ">
   <subfield code="a">239 pages :</subfield>
   <subfield code="b">chiefly color illustrations, ports. ;</subfield>
   <subfield code="c">26 cm.</subfield>
  </datafield>
  <datafield tag="500" ind1=" " ind2=" ">
   <subfield code="a">&quot;Massive Change is an ambitious project that humbly attempts to chart the bewildering complexity of our increasingly interconnected (and designed) world ... We hope to make evident the design decisions that go on and are made manifest across disciplines&quot;--P. [11].</subfield>
  </datafield>
  <datafield tag="504" ind1=" " ind2=" ">
   <subfield code="a">Includes bibliographical references (pages [234-236]) and index.</subfield>
  </datafield>
  <datafield tag="505" ind1="0" ind2=" ">
   <subfield code="a">Urban economies (URB) -- Movement economies (MOV) -- Energy economies (ENE) -- Information economies (INF) -- Image economies (IMA) -- Market economies (MAR) -- Material economies (MAT) -- Military economies (MIL) -- Manufacturing economies (MAN) -- Living economies (LIV) -- Wealth and politics (WP).</subfield>
  </datafield>
  <datafield tag="520" ind1=" " ind2=" ">
   <subfield code="a">Includes transcripts of interviews with: Philip Ball, Janine Benyus, Stewart Brand, Stephen Browne, Carol Burns, James Der Derian, Bill Drayton, Gwynne Dyer, Freeman Dyson, Ian Foster, Felice Frankel, Robert Freling, Ashok Gadgil, Catherine Gray, Hazel Henderson, Dean Kamen, Arthur Kroker, Robert S. Langer, Jaime Lerner, Lawrence Lessig, David Malin, Michael McDonough, William McDonough, Seymour Melman, Nancy Padian, Matt Ridley, Jeffrey Sachs, Richard Smalley, Hernando de Soto, Bruce Sterling and Eugene Thacker.</subfield>
  </datafield>
  <datafield tag="526" ind1=" " ind2=" ">
   <subfield code="a">ARC</subfield>
  </datafield>
  <datafield tag="541" ind1="1" ind2=" ">
   <subfield code="a">Department of Architecture</subfield>
   <subfield code="e">33273</subfield>
  </datafield>
  <datafield tag="650" ind1=" " ind2="0">
   <subfield code="a">Industrial design.</subfield>
   <subfield code="9">26731</subfield>
  </datafield>
  <datafield tag="650" ind1=" " ind2="0">
   <subfield code="a">Multidisciplinary design optimization.</subfield>
   <subfield code="9">26732</subfield>
  </datafield>
  <datafield tag="650" ind1=" " ind2="0">
   <subfield code="a">Social change</subfield>
   <subfield code="x">Forecasting.</subfield>
   <subfield code="9">26733</subfield>
  </datafield>
  <datafield tag="650" ind1=" " ind2="0">
   <subfield code="a">Social ecology</subfield>
   <subfield code="x">Forecasting.</subfield>
   <subfield code="9">26734</subfield>
  </datafield>
  <datafield tag="650" ind1=" " ind2="0">
   <subfield code="a">Architecture.</subfield>
  </datafield>
  <datafield tag="700" ind1="1" ind2=" ">
   <subfield code="a">Leonard, Jennifer.</subfield>
   <subfield code="9">26735</subfield>
  </datafield>
  <datafield tag="710" ind1="2" ind2=" ">
   <subfield code="a">Institute without Boundaries.</subfield>
   <subfield code="9">26736</subfield>
  </datafield>
  <datafield tag="852" ind1="4" ind2=" ">
   <subfield code="a">Department of Architecture</subfield>
   <subfield code="j">General Stacks</subfield>
  </datafield>
  <datafield tag="942" ind1=" " ind2=" ">
   <subfield code="2">ddc</subfield>
   <subfield code="c">BK</subfield>
  </datafield>
  <datafield tag="999" ind1=" " ind2=" ">
   <subfield code="c">39608</subfield>
   <subfield code="d">39608</subfield>
  </datafield>
  <datafield tag="952" ind1=" " ind2=" ">
   <subfield code="0">0</subfield>
   <subfield code="1">0</subfield>
   <subfield code="2">ddc</subfield>
   <subfield code="4">0</subfield>
   <subfield code="6">745_200000000000000_MAU</subfield>
   <subfield code="7">0</subfield>
   <subfield code="9">63626</subfield>
   <subfield code="a">BRACUL</subfield>
   <subfield code="b">BRACUL</subfield>
   <subfield code="c">GEN</subfield>
   <subfield code="d">2018-07-08</subfield>
   <subfield code="e">Department of Architecture </subfield>
   <subfield code="l">0</subfield>
   <subfield code="o">745.2 MAU</subfield>
   <subfield code="p">3010033273</subfield>
   <subfield code="r">2018-07-08</subfield>
   <subfield code="t">1</subfield>
   <subfield code="w">2018-07-08</subfield>
   <subfield code="y">BK</subfield>
   <subfield code="x">Transferred from ARC to BRACUL on 28/12/2023</subfield>
  </datafield>
 </record>
</collection>
